[Event "ROM-ch U14"]
[Site "Calimanesti Caciulata"]
[Date "2016.04.22"]
[Round "6"]
[White "Filat, Nicolae"]
[Black "Coticeru, Dragos Ionut"]
[Result "0-1"]
[WhiteElo "1544"]
[BlackElo "1640"]
[PlyCount "82"]
[EventDate "2016.04.18"]
[EventType "swiss"]
[EventRounds "9"]
[EventCountry "ROU"]
[SourceTitle "CBM 172 Extra"]
[Source "ChessBase"]
[SourceDate "2016.06.21"]
[SourceVersion "1"]
[SourceVersionDate "2016.06.21"]
[SourceQuality "1"]

1. d4 Nf6 2. c4 e6 3. Nc3 Bb4 4. f3 c5 5. d5 Bxc3+ 6. bxc3 Qa5 7. Bb2 b5 8. e4 Ba6 9. Qb3 bxc4 10. Bxc4 Bxc4 11. Qxc4 0-0 12. Ne2 exd5 13. exd5 Re8 14. 0-0 d6 15. Ng3 Nbd7 16. Rfd1 Nb6 17. Qh4 c4 18. Nf5 Nbxd5 19. Re1 Qb6+ 20. Kh1 Qxb2 21. Qg5 Nh5 22. Qxh5 Qxc3 23. Rec1 Qe5 24. Qg4 g6 25. Ng3 Ne3 26. Qe4 a5 27. Qh4 Qb2 28. Qh3 Rab8 29. Rg1 c3 30. f4 c2 31. f5 Qxa1 32. Ne2 Qxg1+ 33. Kxg1 Rb1+ 34. Kf2 Nd1+ 35. Kf3 Nc3 36. Kf2 Rxe2+ 37. Kf3 c1Q 38. f6 Qf1+ 39. Kg3 Re3+ 40. Kg4 Qf5+ 41. Kh4 Qh5# 0-1

[Event "ROM-ch U14"]
[Site "Calimanesti Caciulata"]
[Date "2016.04.19"]
[Round "2"]
[White "Ghimpu, Samuel Timotei"]
[Black "Coticeru, Dragos Ionut"]
[Result "1/2-1/2"]
[WhiteElo "1810"]
[BlackElo "1640"]
[PlyCount "54"]
[EventDate "2016.04.18"]
[EventType "swiss"]
[EventRounds "9"]
[EventCountry "ROU"]
[SourceTitle "CBM 172 Extra"]
[Source "ChessBase"]
[SourceDate "2016.06.21"]
[SourceVersion "1"]
[SourceVersionDate "2016.06.21"]
[SourceQuality "1"]

1. e4 c5 2. c4 e6 3. Nf3 a6 4. Nc3 Qc7 5. d4 cxd4 6. Nxd4 Nf6 7. Bd3 d6 8. Be3 Nbd7 9. Rc1 Be7 10. 0-0 0-0 11. Qe2 b6 12. f4 Bb7 13. Bf2 Rac8 14. b3 Nc5 15. Bb1 Ba8 16. Rfe1 Qb7 17. Nf3 Rfe8 18. Bxc5 dxc5 19. e5 Nh5 20. Qe3 g6 21. Be4 Qb8 22. g4 Ng7 23. Bxa8 Qxa8 24. Ne4 Red8 25. Rcd1 Rxd1 26. Rxd1 Rd8 27. Rd3 Ne8 1/2-1/2

[Event "ROM-ch U14"]
[Site "Calimanesti Caciulata"]
[Date "2016.04.18"]
[Round "1"]
[White "Coticeru, Dragos Ionut"]
[Black "Ursu, Adrian Dumitru"]
[Result "1-0"]
[WhiteElo "1640"]
[BlackElo "1001"]
[PlyCount "71"]
[EventDate "2016.04.18"]
[EventType "swiss"]
[EventRounds "9"]
[EventCountry "ROU"]
[SourceTitle "CBM 172 Extra"]
[Source "ChessBase"]
[SourceDate "2016.06.21"]
[SourceVersion "1"]
[SourceVersionDate "2016.06.21"]
[SourceQuality "1"]

1. d4 d5 2. c4 e6 3. cxd5 exd5 4. Nc3 Nc6 5. Nf3 Nf6 6. Bg5 Bb4 7. a3 Bxc3+ 8. bxc3 Bg4 9. Bxf6 Qxf6 10. Qb3 Bxf3 11. gxf3 0-0-0 12. Rb1 b6 13. Bg2 Rhe8 14. e3 Qg6 15. Rg1 Qh6 16. Ke2 Qxh2 17. Rh1 Qxg2 18. Rbg1 Rxe3+ 19. Kxe3 Re8+ 20. Kd2 Qxf2+ 21. Kc1 Qxf3 22. Re1 Rxe1+ 23. Rxe1 Qf4+ 24. Kb1 Qf5+ 25. Ka1 Qg5 26. Qc2 Qh4 27. Qf5+ Kd8 28. Qxd5+ Kc8 29. Re8+ Nd8 30. Qf5+ Kb7 31. Qf3+ Nc6 32. d5 Na5 33. d6+ Nc6 34. d7 Qf6 35. d8Q Qxf3 36. Qc8# 1-0

[Event "ROM-ch U12"]
[Site "Calimanesti"]
[Date "2015.04.05"]
[Round "8"]
[White "Coticeru, Dragos Ionut"]
[Black "Olariu, Luca Stefan"]
[Result "0-1"]
[WhiteElo "1721"]
[BlackElo "1478"]
[PlyCount "56"]
[EventDate "2015.03.30"]
[EventType "swiss"]
[EventRounds "9"]
[EventCountry "ROU"]
[SourceTitle "CBM 165 Extra"]
[Source "ChessBase"]
[SourceDate "2015.04.21"]
[SourceVersion "1"]
[SourceVersionDate "2015.04.21"]
[SourceQuality "1"]

1. d4 Nf6 2. c4 g6 3. Nc3 Bg7 4. e4 d6 5. Nge2 0-0 6. Ng3 Nbd7 7. Be2 c5 8. d5 h5 9. h4 Ne5 10. Bg5 Bg4 11. f3 Bd7 12. Nf1 a6 13. Ne3 b5 14. cxb5 axb5 15. Bxf6 Bxf6 16. f4 Ng4 17. Nxg4 hxg4 18. Bxg4 b4 19. h5 bxc3 20. hxg6 fxg6 21. Be6+ Bxe6 22. dxe6 cxb2 23. Rb1 Kg7 24. f5 Rh8 25. Rf1 Qa5+ 26. Kf2 Bd4+ 27. Kf3 Qc3+ 28. Kg4 Bf6 0-1

[Event "ROM-ch U12"]
[Site "Calimanesti"]
[Date "2015.04.02"]
[Round "4"]
[White "Coticeru, Dragos Ionut"]
[Black "Stroe, Flavius Gabriel"]
[Result "1/2-1/2"]
[WhiteElo "1721"]
[BlackElo "1570"]
[PlyCount "56"]
[EventDate "2015.03.30"]
[EventType "swiss"]
[EventRounds "9"]
[EventCountry "ROU"]
[SourceTitle "CBM 165 Extra"]
[Source "ChessBase"]
[SourceDate "2015.04.21"]
[SourceVersion "1"]
[SourceVersionDate "2015.04.21"]
[SourceQuality "1"]

1. d4 Nf6 2. c4 g6 3. Nc3 d5 4. cxd5 Nxd5 5. e4 Nxc3 6. bxc3 Bg7 7. Bc4 c5 8. Be3 Qa5 9. Ne2 Nc6 10. 0-0 0-0 11. Qb3 Qc7 12. Bd5 Bd7 13. Bxc6 Bxc6 14. f3 Qd6 15. Rab1 b6 16. a3 Rfd8 17. Qc4 a6 18. Qa2 Bb5 19. Rfd1 Bxe2 20. Qxe2 cxd4 21. Bxd4 Bxd4+ 22. Rxd4 Qc6 23. Rxd8+ Rxd8 24. Qxa6 Qc5+ 25. Kh1 Qf2 26. Qf1 Qd2 27. Qc1 Qf2 28. Qe1 Qc2 1/2-1/2

[Event "ROM-ch U12"]
[Site "Calimanesti"]
[Date "2014.04.11"]
[Round "7"]
[White "Coticeru, Dragos Ionut"]
[Black "Paraschiv, Paul Alexandru"]
[Result "0-1"]
[WhiteElo "1604"]
[BlackElo "1695"]
[PlyCount "72"]
[EventDate "2014.04.06"]
[EventType "swiss"]
[EventRounds "9"]
[EventCountry "ROU"]
[SourceTitle "CBM 160 Extra"]
[Source "ChessBase"]
[SourceDate "2014.07.01"]
[SourceVersion "1"]
[SourceVersionDate "2014.07.01"]
[SourceQuality "1"]

1. d4 e6 2. c4 Nf6 3. Nc3 Bb4 4. g3 Bxc3+ 5. bxc3 Ne4 6. Qc2 f5 7. Bg2 Nf6 8. Bg5 h6 9. Bxf6 Qxf6 10. Nf3 0-0 11. 0-0 c5 12. Rfd1 d6 13. Rab1 Nc6 14. e3 Rb8 15. Nd2 Ne7 16. Nb3 b6 17. Qb2 Bb7 18. Bxb7 Rxb7 19. Qe2 Rc7 20. Rbc1 g5 21. f4 Ng6 22. Qh5 gxf4 23. exf4 Kg7 24. Re1 e5 25. dxe5 dxe5 26. fxe5 Nxe5 27. Qe2 Ng6 28. Rf1 Re7 29. Qd3 Ne5 30. Qe2 Qf7 31. Nd2 Rd8 32. Rce1 Rd3 33. Kh1 Rxc3 34. Ne4 Rxc4 35. Qg2 Rd4 36. Qh3 Ng4 0-1

[Event "ROM-ch U12"]
[Site "Calimanesti"]
[Date "2014.04.07"]
[Round "2"]
[White "Coticeru, Dragos Ionut"]
[Black "Berechet, Stefan Mario"]
[Result "1-0"]
[WhiteElo "1604"]
[BlackElo "1504"]
[PlyCount "86"]
[EventDate "2014.04.06"]
[EventType "swiss"]
[EventRounds "9"]
[EventCountry "ROU"]
[SourceTitle "CBM 160 Extra"]
[Source "ChessBase"]
[SourceDate "2014.07.01"]
[SourceVersion "1"]
[SourceVersionDate "2014.07.01"]
[SourceQuality "1"]

1. d4 d5 2. c4 dxc4 3. Nf3 Bg4 4. e3 Nd7 5. Bxc4 Nb6 6. Bxf7+ Kd7 7. Ne5+ Kc8 8. Qxg4+ Nd7 9. Nxd7 Qxd7 10. Be6 Nf6 11. Bxd7+ Nxd7 12. Nc3 c6 13. Bd2 g6 14. Rc1 Kd8 15. Na4 Nf6 16. Qe6 Rc8 17. Nc5 Kc7 18. b4 Kb8 19. Qe5+ Ka8 20. Ne6 a6 21. Nc7+ Ka7 22. Qc5+ Kb8 23. Nxa6+ bxa6 24. Qb6+ Ka8 25. Qxa6+ Kb8 26. Rxc6 Rxc6 27. Qxc6 Bg7 28. b5 Rc8 29. Qb6+ Ka8 30. Qa6+ Kb8 31. b6 Rc7 32. bxc7+ Kxc7 33. Ba5+ Kd7 34. 0-0 Ke8 35. Qe6 Kf8 36. Rc1 Ne8 37. Bb4 Bf6 38. Rc8 h5 39. Qd7 Kg7 40. Qxe8 Kh6 41. f4 h4 42. Bxe7 Bg7 43. Bg5+ Kh5 1-0

[Event "ROM-ch U12"]
[Site "Calimanesti"]
[Date "2014.04.06"]
[Round "1"]
[White "Zapciroiu, Tudor"]
[Black "Coticeru, Dragos Ionut"]
[Result "0-1"]
[WhiteElo "1104"]
[BlackElo "1604"]
[PlyCount "48"]
[EventDate "2014.04.06"]
[EventType "swiss"]
[EventRounds "9"]
[EventCountry "ROU"]
[SourceTitle "CBM 160 Extra"]
[Source "ChessBase"]
[SourceDate "2014.07.01"]
[SourceVersion "1"]
[SourceVersionDate "2014.07.01"]
[SourceQuality "1"]

1. e4 c5 2. Nf3 e6 3. Nc3 a6 4. a4 Qc7 5. d4 cxd4 6. Nxd4 Nf6 7. g3 Bb4 8. Bd2 Bxc3 9. Bxc3 Nxe4 10. Qd3 Nxc3 11. bxc3 Nc6 12. Bg2 0-0 13. 0-0 d5 14. Rfe1 Ne5 15. Qe3 Nc4 16. Qd3 Bd7 17. Bh3 Rfe8 18. Nf3 Nb2 19. Qd4 Nxa4 20. Rxa4 Bxa4 21. Qxa4 Qxc3 22. Re3 Qc4 23. Qxc4 dxc4 24. Ne5 b5 0-1